| 000 | 00494nam a22001817a 4500 | ||
|---|---|---|---|
| 005 | 20241219111902.0 | ||
| 010 | _aB-761525 | ||
| 020 |
_a9789357311694 _c1199.00 |
||
| 035 | _aB-761525 | ||
| 037 | _bGift | ||
| 082 | _a820 | ||
| 100 |
_aKailasapathy, K _975429 |
||
| 245 |
_aTamil Heroic Poetry/ _cK Kailasapathy |
||
| 260 |
_bHachette _c2023 _aUK |
||
| 300 |
_a406p. _c20cm(pb) |
||
| 942 |
_2ddc _cCH _mKAK _h820 |
||
| 999 |
_c207824 _d207824 |
||